<?xml version="1.0" encoding="UTF-8"?>
<collection xmlns="http://www.loc.gov/MARC21/slim">
 <record>
  <leader>00533nam a22001695a 4500</leader>
  <controlfield tag="001">CEM.cems000753</controlfield>
  <controlfield tag="005">20060210000000.0</controlfield>
  <controlfield tag="008">130507s1968##################000#0#####d</controlfield>
  <controlfield tag="003">CEMS</controlfield>
  <datafield tag="082" ind1="0" ind2="4">
   <subfield code="a">982.01</subfield>
  </datafield>
  <datafield tag="100" ind1="1" ind2=" ">
   <subfield code="a">Austral, Antonio G.</subfield>
  </datafield>
  <datafield tag="245" ind1="1" ind2="0">
   <subfield code="a">Prehistoria de la región pampeana sur /</subfield>
  </datafield>
  <datafield tag="260" ind1=" " ind2=" ">
   <subfield code="a">Bahia Blanca :</subfield>
   <subfield code="b">Universidad Nacional del Sur,</subfield>
   <subfield code="c">1968</subfield>
  </datafield>
  <datafield tag="300" ind1=" " ind2=" ">
   <subfield code="a">22 p.</subfield>
  </datafield>
  <datafield tag="653" ind1=" " ind2=" ">
   <subfield code="a">Historia</subfield>
  </datafield>
  <datafield tag="859" ind1=" " ind2=" ">
   <subfield code="a">CEMS</subfield>
   <subfield code="b">BIB. CEMS - 11 de abril</subfield>
   <subfield code="h">982.01</subfield>
   <subfield code="i">Au78</subfield>
   <subfield code="p">9196.81</subfield>
   <subfield code="t">Ej.1</subfield>
  </datafield>
  <datafield tag="859" ind1=" " ind2=" ">
   <subfield code="a">CEMS</subfield>
   <subfield code="b">BIB. CEMS - 11 de abril</subfield>
   <subfield code="h">982.01</subfield>
   <subfield code="i">Au78</subfield>
   <subfield code="p">9986.81</subfield>
   <subfield code="t">Ej.2</subfield>
  </datafield>
 </record>
</collection>
